| 000 | 00525nam a22001577a 4500 | ||
|---|---|---|---|
| 999 |
_c534907 _d534907 |
||
| 020 | _qHard Cover. | ||
| 082 | _a621.3 | ||
| 100 | _a Yaqoob, Wahid Malik | ||
| 245 |
_aDESIGN, SIMULATION, FABRICATION AND TESTING OF AN X-BAND SOLID STATE POWER AMPLIFIER / _cWahid Yaqoob Malik. |
||
| 260 |
_aIslamabad : _bCEME - NUST, _c2016. |
||
| 300 | _c30cm. | ||
| 942 |
_2ddc _cTHE |
||
| 650 |
_aMS Thesis Electrical Engineering _925718 |
||
| 700 |
_aDr. Muhammad Naveed. _916172 |
||